Kendrick Lamar Songs as Synonyms - Statistics

General Stats
  • This quiz has been taken 88 times
  • The average score is 4 of 11
Answer Stats
Hint Answer % Correct
Diving Pond Swimming Pools
87%
Genetic Material DNA
62%
Intimacy Love
62%
Currency Woodlands Money Trees
62%
Joined in Sorrow United in Grief
62%
Pass away Firm Die Hard
38%
Disregard Me Count Me Out
20%
Ecstasy Euphoria
17%
Ingredient Element
15%
Despicable Gore Bad Blood
13%
Devotions Prayers
4%
No matching quizzes found
Score Distribution
Percent of People with Each Score
Percentile by Number Answered
Your Score History
You have not taken this quiz